Report of the working group to review the business correspondent model (Record no. 485068)

000 -LEADER
fixed length control field 00461cam a22001457a 4500
008 - FIXED-LENGTH DATA ELEMENTS--GENERAL INFORMATION
fixed length control field 180718b2009 xxu||||| |||| 00| 0 eng d
082 ## - DEWEY DECIMAL CLASSIFICATION NUMBER
Classification number T300x54 R299rw
100 ## - MAIN ENTRY--PERSONAL NAME
Personal name Reserve Bank of India
245 ## - TITLE STATEMENT
Title Report of the working group to review the business correspondent model
260 ## - PUBLICATION, DISTRIBUTION, ETC.
Place of publication, distribution, etc. Mumbai
Name of publisher, distributor, etc. The author
Date of publication, distribution, etc. 2009
300 ## - PHYSICAL DESCRIPTION
Extent 31p.
500 ## - GENERAL NOTE
General note Chairman: P. Vijaya Bhaskar
650 ## - SUBJECT ADDED ENTRY--TOPICAL TERM
Topical term or geographic name entry element Business management - India
700 ## - ADDED ENTRY--PERSONAL NAME
Personal name Vijaya Bhaskar, P. (Chairman)
Holdings
Withdrawn status Lost status Damaged status Not for loan Permanent Location Current Location Date acquired Full call number Barcode Date last seen Price effective from Koha item type
        Indian Institute of Public Administration Indian Institute of Public Administration 2018-08-04 T300x54 R299rw GG29667 2018-08-04 2018-08-04 GG

Powered by Koha